00827nam a2200169Ia 4500008004100000020001800041050002400059100003600083245009200119250001800211260003300229300003500262500012700297505016900424650002200593700004200615120626s2009 mx a 000 0 spa d a9786071702852 aHD37.E76 bM84 2009 aMünch Galindo, Lourdeseautor aFundamentos de administración c/ Lourdes, Munch Galindo: José, García Martínez a7a. edición aMéxico b: Trillasc, 2009 a272 páginasb: ilustraciones aIncluye: Indice de contenido, Prólogo, Introducción, Glosario, Bibliografía, Indice onomástico, Indice analítico aIntroducción al estudio de la administración La Empresa Planeación Organización Dirección Control Evolución de la teoría administrativa  0aADMINISTRACIÓN 1 aGarcía Martínez, José G.eautor